000 00580nam a22001577a 4500
003 OSt
005 20150910160717.0
008 150910b xxu||||| |||| 00| 0 eng d
040 _cRUA
082 _aAGR ជុំ
100 _9264
_aជុំ ខេង
245 _aសិក្សាគំរោងស្ថាបនា ផ្លូវ អាស៊ីយ៉ាល់ ចូលអនុតំបន់ នៃ ព្រៃសម្បទានសហគ្រាស កូឡិចស៊ីច
260 _aPhnom Penh
_bRUA
_c1995
300 _a130p.
_bill.
_c29cm.
942 _2ddc
_cAGR
999 _c244
_d244